00531nam a22001937a 450000500170000001000130001702000230003003500130005303700160006604000120008208200130009410000150010724500540012226000370017627000560021330000200026965000270028965000210031620170124110208.0 aB-093484 c350.00a8176253405 aB-093484 bCen Lib/Ret aDPLbEN a921bDAS aDas, Ratan aVinoba :cby Ratan Dasbthe revolutionary saint / aNew Delhi bSarup and Sonsc2002 a4740/23, Ansari Road Darya GanjbNew Delhi e110002 a165p.c22cm(Hb) aWomen social reformers aSocial reformers